[Event "SLO-chT2 West"]
[Site "Ljubljana"]
[Date "2012.10.21"]
[Round "5.3"]
[White "Drobnic, Janez"]
[Black "Sirnik, Bostjan"]
[Result "1/2-1/2"]
[WhiteElo "1779"]
[BlackElo "2233"]
[PlyCount "114"]
[EventDate "2012.10.19"]
[EventType "team-tourn"]
[EventRounds "9"]
[EventCountry "SLO"]
[SourceTitle "EXT 2022"]
[Source "ChessBase"]
[SourceDate "2021.10.06"]
[SourceVersion "1"]
[SourceVersionDate "2021.10.06"]
[SourceQuality "1"]
[WhiteTeam "Loska Dolina"]
[BlackTeam "Koper"]
[WhiteTeamCountry "SLO"]
[BlackTeamCountry "SLO"]

1. d4 d6 2. Nc3 e5 3. dxe5 dxe5 4. Qxd8+ Kxd8 5. Bg5+ f6 6. 0-0-0+ Nd7 7. Bd2 c6 8. e4 Ne7 9. f4 exf4 10. Bxf4 Ng6 11. Bg3 Bb4 12. Bc4 Bxc3 13. bxc3 Re8 14. Nf3 Rxe4 15. Bd3 Ra4 16. Rhe1 Ra5 17. Nd4 Nge5 18. Bxh7 Ke7 19. Bg8 Nb6 20. Nf3 Bg4 21. Nxe5 fxe5 22. Rd4 Be6 23. Bh4+ g5 24. Bxg5+ Kf8 25. Bxe6 exd4 26. Bh6+ Ke7 27. Bb3+ Kf6 28. cxd4 Rh5 29. Bf4 Nd5 30. Bxd5 cxd5 31. Be5+ Ke6 32. g4 Rh3 33. Bg3+ Kd7 34. Re5 Kc6 35. Kb2 Rg8 36. g5 Rh5 37. h4 Rf8 38. c3 Rf3 39. Be1 b5 40. a3 a5 41. Kb3 Rf4 42. a4 b4 43. cxb4 Rf3+ 44. Kb2 axb4 45. Bxb4 Rxh4 46. Re6+ Kd7 47. Rd6+ Kc7 48. Rf6 Rxf6 49. gxf6 Rxd4 50. Kc3 Rc4+ 51. Kb3 Rf4 52. Be7 Kd7 53. a5 Rc4 54. a6 Rc7 55. Kb4 d4 56. Bc5 d3 57. Be3 Kc6 1/2-1/2

[Event "SLO-chT2 West"]
[Site "Ljubljana"]
[Date "2012.10.20"]
[Round "3.5"]
[White "Mlakar, Slavko"]
[Black "Drobnic, Janez"]
[Result "1-0"]
[WhiteElo "1794"]
[BlackElo "1779"]
[PlyCount "83"]
[EventDate "2012.10.19"]
[EventType "team-tourn"]
[EventRounds "9"]
[EventCountry "SLO"]
[SourceTitle "EXT 2022"]
[Source "ChessBase"]
[SourceDate "2021.10.06"]
[SourceVersion "1"]
[SourceVersionDate "2021.10.06"]
[SourceQuality "1"]
[WhiteTeam "Trzin Buscotrade"]
[BlackTeam "Loska Dolina"]
[WhiteTeamCountry "SLO"]
[BlackTeamCountry "SLO"]

1. e4 c6 2. c4 d5 3. cxd5 cxd5 4. e5 e6 5. d4 Ne7 6. Bd3 Nec6 7. Nf3 Be7 8. 0-0 a6 9. a3 Qb6 10. Be2 0-0 11. b4 Bd7 12. Be3 Rc8 13. Nbd2 Nd8 14. Rc1 Nbc6 15. Nb3 Nxb4 16. axb4 Bxb4 17. Nc5 Bxc5 18. dxc5 Qc7 19. Qd4 Nc6 20. Qb2 Be8 21. Bd3 Ne7 22. Qb6 Qxb6 23. cxb6 Nc6 24. Ra1 Nb4 25. Rfd1 Nxd3 26. Rxd3 Bb5 27. Rdd1 h6 28. Rdc1 Kf8 29. Rc7 Rxc7 30. bxc7 Rc8 31. Bb6 Ke8 32. Nd4 Bc4 33. Ra5 Kd7 34. Rc5 f6 35. f4 Bb5 36. Nxb5 axb5 37. Rxb5 Kc6 38. Rb2 fxe5 39. fxe5 d4 40. Kf2 Rxc7 41. Bxc7 Kxc7 42. Rd2 1-0

[Event "SLO-chT2 West"]
[Site "Slovenia"]
[Date "2010.11.12"]
[Round "6"]
[White "Kovac, Alojz"]
[Black "Drobnic, Janez"]
[Result "1/2-1/2"]
[WhiteElo "1980"]
[BlackElo "1788"]
[PlyCount "136"]
[EventDate "2010.11.05"]
[EventType "team-tourn"]
[EventRounds "9"]
[EventCountry "SLO"]
[SourceTitle "EXT 2022"]
[Source "ChessBase"]
[SourceDate "2021.10.06"]
[SourceVersion "1"]
[SourceVersionDate "2021.10.06"]
[SourceQuality "1"]

1. d4 d5 2. Nf3 Nf6 3. Bf4 e6 4. e3 Bd6 5. Bg3 Ne4 6. Bd3 Nxg3 7. hxg3 g6 8. Nbd2 c6 9. e4 Nd7 10. Qe2 dxe4 11. Nxe4 Nf6 12. Nxd6+ Qxd6 13. c3 Bd7 14. Ne5 Qe7 15. 0-0-0 0-0-0 16. Rh4 Nh5 17. Qe3 Kb8 18. Re1 Ka8 19. Bc2 Rhg8 20. Bd1 Nf6 21. Qg5 Rg7 22. Rf4 Nd5 23. Qxe7 Nxe7 24. Nxf7 Rdg8 25. Ng5 Nd5 26. Rfe4 Nc7 27. Bb3 Re8 28. Re5 Rge7 29. f4 Nd5 30. Rh1 Nf6 31. Rhe1 Nd5 32. Bxd5 cxd5 33. g4 h6 34. Nf3 Rf7 35. g3 Ref8 36. R5e3 Bc8 37. Ne5 Rg7 38. Rh1 g5 39. fxg5 hxg5 40. Re2 Kb8 41. Kd2 Kc7 42. Reh2 b6 43. Ke3 Bd7 44. Rh7 Rfg8 45. Rxg7 Rxg7 46. Rh6 Kd8 47. Rg6 Rxg6 48. Nxg6 Be8 49. Ne5 Ke7 50. b3 a6 51. Kd3 a5 52. c4 Bd7 53. a4 Be8 54. Kc3 Bd7 55. b4 axb4+ 56. Kxb4 dxc4 57. Kxc4 Bxa4 58. Kb4 Be8 59. Nc4 b5 60. Ne5 Kd6 61. Nf3 Kd5 62. Kc3 Bd7 63. Nxg5 e5 64. dxe5 Kxe5 65. Nf3+ Kf6 66. Nd4 Kg5 67. Kb4 Kxg4 68. Nxb5 Kxg3 1/2-1/2

[Event "SLO-chT2 West"]
[Site "Slovenia"]
[Date "2010.11.06"]
[Round "3.5"]
[White "Pisljar, Dimitrij"]
[Black "Drobnic, Janez"]
[Result "0-1"]
[WhiteElo "1662"]
[BlackElo "1788"]
[PlyCount "88"]
[EventDate "2010.11.05"]
[EventType "team-tourn"]
[EventRounds "9"]
[EventCountry "SLO"]
[SourceTitle "EXT 2022"]
[Source "ChessBase"]
[SourceDate "2021.10.06"]
[SourceVersion "1"]
[SourceVersionDate "2021.10.06"]
[SourceQuality "1"]

1. e4 c6 2. d4 d5 3. Nc3 dxe4 4. Nxe4 Nf6 5. Nxf6+ exf6 6. Bc4 Bd6 7. Ne2 0-0 8. 0-0 Qc7 9. Ng3 Bd7 10. Qh5 Be6 11. Bd3 g6 12. Qh4 Nd7 13. f4 f5 14. b3 Rfe8 15. Bb2 Be7 16. Qh3 Bf6 17. Rac1 Qd8 18. c4 Nc5 19. Ne2 Nxd3 20. Qxd3 Qb6 21. Rc2 Rad8 22. Kh1 Rd7 23. Rd1 Red8 24. Bc3 Re8 25. Be1 Rde7 26. Bf2 Qa6 27. h4 h5 28. Qf3 Kg7 29. Nc1 Bc8 30. Nd3 Qa5 31. Ne5 Qc7 32. Rd3 a6 33. Qd1 Bxe5 34. fxe5 f4 35. Qd2 Bf5 36. Rcc3 Bxd3 37. Rxd3 Qd7 38. d5 cxd5 39. Qxf4 Kg8 40. Rxd5 Qe6 41. Bd4 Rd7 42. Rd6 Rxd6 43. exd6 f5 44. Qh6 Qe1+ 0-1

[Event "SLO-chT2 West"]
[Site "Kranj"]
[Date "2008.10.18"]
[Round "6.4"]
[White "Bogataj, Tomaz"]
[Black "Drobnic, Janez"]
[Result "1-0"]
[WhiteElo "1538"]
[BlackElo "1806"]
[PlyCount "118"]
[EventDate "2008.10.11"]
[EventType "team-swiss"]
[EventRounds "9"]
[EventCountry "SLO"]
[SourceTitle "EXT 2010"]
[Source "ChessBase"]
[SourceDate "2010.11.25"]
[SourceVersion "1"]
[SourceVersionDate "2010.11.25"]
[SourceQuality "1"]
[WhiteTeam "Podpec II"]
[BlackTeam "Loska Dolina "]
[WhiteTeamCountry "SLO"]
[BlackTeamCountry "SLO"]

1. Nf3 d5 2. c4 e6 3. e3 Nf6 4. b3 g6 5. Bb2 Bg7 6. d3 0-0 7. g3 dxc4 8. bxc4 c6 9. Qc2 Nbd7 10. Bg2 Re8 11. 0-0 Qc7 12. Nbd2 b6 13. a4 Bb7 14. Ra2 c5 15. Rfa1 Bc6 16. Nb3 Qb7 17. e4 e5 18. Nbd2 Nh5 19. Ne1 f6 20. Nb1 Nb8 21. Nc3 Na6 22. Qb3 Nb4 23. Ra3 a5 24. Nb5 Qd7 25. Rd1 Bh6 26. Nc2 Ng7 27. Ne3 Bxe3 28. fxe3 Rad8 29. Kf2 Qf7 30. Ke2 Bxb5 31. axb5 Rd6 32. Bc3 Red8 33. Bxb4 cxb4 34. Ra2 Qc7 35. c5+ Re6 36. Bh3 f5 37. exf5 gxf5 38. Bxf5 Nxf5 39. Qxe6+ Qf7 40. Qxf7+ Kxf7 41. Rf1 Ke6 42. cxb6 Rb8 43. Rxa5 Nd6 44. Rb1 Rxb6 45. Rxb4 Kd5 46. Ra6 Rb7 47. b6 Kc5 48. Rb3 Nb5 49. Ra5 Rxb6 50. Rbxb5+ Rxb5 51. Rxb5+ Kxb5 52. Kf3 Kc5 53. Ke4 Kd6 54. h4 Ke6 55. g4 Kf6 56. Kd5 h6 57. e4 Kf7 58. Kxe5 Ke7 59. d4 Kf7 1-0

[Event "SLO-chT2 West"]
[Site "Kranj"]
[Date "2008.10.11"]
[Round "1.5"]
[White "Drobnic, Janez"]
[Black "Ursic, Mateja"]
[Result "0-1"]
[WhiteElo "1806"]
[BlackElo "2057"]
[PlyCount "80"]
[EventDate "2008.10.11"]
[EventType "team-swiss"]
[EventRounds "9"]
[EventCountry "SLO"]
[SourceTitle "EXT 2010"]
[Source "ChessBase"]
[SourceDate "2010.11.25"]
[SourceVersion "1"]
[SourceVersionDate "2010.11.25"]
[SourceQuality "1"]
[WhiteTeam "Loska Dolina "]
[BlackTeam "Hidria Tolmin"]
[WhiteTeamCountry "SLO"]
[BlackTeamCountry "SLO"]

1. d4 d5 2. c4 e6 3. Nc3 Bb4 4. e3 Nf6 5. Bd2 0-0 6. a3 Bd6 7. c5 Be7 8. f4 b6 9. b4 Ne4 10. Nxe4 dxe4 11. Qc2 Bb7 12. Nh3 Bd5 13. Be2 Bh4+ 14. g3 Be7 15. 0-0 f5 16. Rfc1 c6 17. Bc4 Qe8 18. Be2 Nd7 19. Qd1 Nf6 20. Nf2 Qd7 21. Kg2 bxc5 22. bxc5 Rfb8 23. Rcb1 Qc7 24. Qc2 Nd7 25. Qa4 a5 26. Nd1 Bd8 27. Nb2 Bb3 28. Bc4 Bxa4 29. Bxe6+ Kh8 30. Nxa4 Nf6 31. Nb6 Ra7 32. Bxf5 Qf7 33. h3 Bxb6 34. cxb6 Ra6 35. b7 Rxb7 36. Bc8 Rxb1 37. Rxb1 Ra8 38. Bg4 Qa2 39. Rd1 Nxg4 40. hxg4 Qc2 0-1

[Event "SLO-chT2"]
[Site "Slovenia"]
[Date "2003.09.18"]
[Round "6"]
[White "Drobnic, Janez"]
[Black "Janjic, Vitomir"]
[Result "0-1"]
[WhiteElo "1841"]
[BlackElo "1967"]
[PlyCount "98"]
[EventDate "2003.05.02"]
[EventType "team-tourn"]
[EventRounds "9"]
[EventCountry "SLO"]
[SourceTitle "EXT 2005"]
[Source "ChessBase"]
[SourceDate "2004.11.15"]
[SourceVersion "1"]
[SourceVersionDate "2004.11.15"]
[SourceQuality "1"]

1. d4 d5 2. c4 c6 3. Nc3 e6 4. a3 Nd7 5. Nf3 Ngf6 6. e3 Bd6 7. Bd3 0-0 8. 0-0 dxc4 9. Bxc4 e5 10. dxe5 Nxe5 11. Be2 Qe7 12. h3 Nxf3+ 13. Bxf3 Qe5 14. g3 Bxh3 15. Re1 Rad8 16. Qc2 Bf5 17. e4 Qe6 18. Bg5 Bg6 19. Rad1 Be7 20. Qe2 h6 21. Bxf6 gxf6 22. Qe3 Qe5 23. Qxh6 Rxd1 24. Rxd1 Bc5 25. Kg2 Qg5 26. Qh3 Kg7 27. Qg4 Qxg4 28. Bxg4 Re8 29. Bf3 f5 30. Rd7 fxe4 31. Be2 Re7 32. Rd1 a6 33. g4 Kf6 34. Kg3 Ke6 35. Bc4+ Ke5 36. f4+ exf3 37. Kxf3 Kf6 38. Rd2 Kg5 39. Nd1 Re4 40. Be2 Rxg4 41. Nc3 Rd4 42. Rd1 Bh5+ 43. Kg2 Bxe2 44. Rxd4 Bxd4 45. Nxe2 Bxb2 46. a4 b5 47. axb5 cxb5 48. Ng1 Kf4 49. Kf2 Bd4+ 0-1